000 00743nam a2200229 u 4500
005 20221124063626.0
008 160428s2015 r 000 0 eng d
020 _a9786079419448
035 _aUPN01000209886
049 _aCG
050 4 _aJC599 M6
_bG6.2 2015
100 1 _aGonzález Martín, Nuria
_938769
245 1 0 _aDerechos de los inmigrantes /
_cNuria González Martín.
250 _a3a ed.
260 _aMéxico :
_bINEHRM :
_bUNAM, Instituto de Investigaciones Jurídicas,
_c2015.
300 _axxi, 57 p. :
_bcuadros
440 0 _aBiblioteca constitucional.
_pNuestros derechos
650 4 _aDerechos humanos
_zMéxico
_95183
651 4 _aMéxico
_xEmigración e inmigración
_97931
905 _aLibro
999 _c181987
_d181987